[Event "Tromsoe Mars GP B"]
[Site "Tromsoe"]
[Date "2017.03.26"]
[Round "7"]
[White "Ratama, Sofie Kristine"]
[Black "Schouten, Ken Ronny"]
[Result "1/2-1/2"]
[WhiteElo "712"]
[BlackElo "735"]
[PlyCount "34"]
[EventDate "2017.03.24"]
[EventType "swiss"]
[EventRounds "7"]
[EventCountry "NOR"]
[SourceTitle "EXT 2024"]
[Source "ChessBase"]
[SourceDate "2023.10.10"]
[SourceVersion "1"]
[SourceVersionDate "2023.10.10"]
[SourceQuality "1"]

1. e4 e5 2. Nf3 Nc6 3. Nc3 Nf6 4. Bc4 h6 5. a3 Be7 6. d4 d6 7. h3 0-0 8. 0-0 exd4 9. Nxd4 Nxd4 10. Qxd4 Be6 11. Bxe6 fxe6 12. Qe3 e5 13. Qg3 Nh5 14. Qg4 Nf6 15. Qg3 Nh5 16. Qg4 Nf6 17. Qg3 Nh5 1/2-1/2